[Event "Kiev Independence Cup-A 10th"]
[Site "Kiev"]
[Date "2010.08.13"]
[Round "2"]
[White "Ivchenko, Anatoly"]
[Black "Taborov, Boris"]
[Result "0-1"]
[WhiteElo "2043"]
[BlackElo "2420"]
[PlyCount "62"]
[EventDate "2010.08.12"]
[EventType "swiss"]
[EventRounds "11"]
[EventCountry "UKR"]
[SourceTitle "CBM 138 Extra"]
[Source "ChessBase"]
[SourceDate "2010.10.29"]
[SourceVersion "1"]
[SourceVersionDate "2010.10.29"]
[SourceQuality "1"]

1. d4 Nf6 2. c4 c5 3. Nf3 cxd4 4. Nxd4 b6 5. Nc3 Bb7 6. Bg5 a6 7. Qc2 e6 8. e4 d6 9. Be2 Nbd7 10. 0-0 Be7 11. Rfd1 Qc7 12. Rac1 Rc8 13. Kh1 Nxe4 14. Nxe4 Bxe4 15. Qxe4 Bxg5 16. f4 Be7 17. f5 e5 18. Nc2 Bg5 19. Rb1 Nf6 20. Qd3 d5 21. Na3 d4 22. Bf3 0-0 23. Re1 Rfe8 24. Re2 Be3 25. Be4 Nd7 26. b4 Nf6 27. Rd1 Qe7 28. Nc2 Bh6 29. a3 Qc7 30. Bd5 b5 31. Qf3 bxc4 0-1

[Event "Kiev-ch"]
[Site "Kiev"]
[Date "2010.03.14"]
[Round "8"]
[White "Melnichuk, Mikhail"]
[Black "Taborov, Boris"]
[Result "1-0"]
[WhiteElo "2314"]
[BlackElo "2436"]
[PlyCount "99"]
[EventDate "2010.03.04"]
[EventType "swiss"]
[EventRounds "9"]
[EventCountry "UKR"]
[SourceTitle "CBM 135 Extra"]
[Source "ChessBase"]
[SourceDate "2010.05.04"]
[SourceVersion "1"]
[SourceVersionDate "2010.05.04"]
[SourceQuality "1"]

1. Nf3 f5 2. d4 Nf6 3. g3 e6 4. Bg2 d5 5. 0-0 Bd6 6. c4 c6 7. Qc2 0-0 8. b3 b6 9. Ba3 Ba6 10. Rd1 Bxa3 11. Nxa3 Qe7 12. Qb2 Nbd7 13. Rac1 Rac8 14. e3 Ne4 15. Nb1 Rfd8 16. Ne1 Bb7 17. cxd5 exd5 18. Nd3 c5 19. Qa3 a6 20. Nd2 Qf8 21. dxc5 bxc5 22. Nf4 Qe7 23. Nxe4 dxe4 24. Bf1 g5 25. Ne6 Re8 26. Nxg5 Ne5 27. Nh3 Nd3 28. Rc2 Rc6 29. Qa4 c4 30. bxc4 Rh6 31. c5 Bd5 32. Nf4 Bc6 33. Qc4+ Kf8 34. Nxd3 exd3 35. Rcd2 Qg5 36. Bg2 Be4 37. f4 Qh5 38. Bxe4 fxe4 39. c6 Rg6 40. c7 Qf5 41. Rc1 Rc8 42. Qb4+ Kg7 43. Qe7+ Kh6 44. Rc5 Qf6 45. Qxe4 Qb6 46. Qf5 Qb4 47. Qh3+ Kg7 48. Qd7+ Kh6 49. Rh5+ Kxh5 50. Qh3# 1-0

[Event "Kiev-ch"]
[Site "Kiev"]
[Date "2010.03.13"]
[Round "7"]
[White "Taborov, Boris"]
[Black "Kernazhitsky, Leonid"]
[Result "0-1"]
[WhiteElo "2436"]
[BlackElo "2339"]
[PlyCount "86"]
[EventDate "2010.03.04"]
[EventType "swiss"]
[EventRounds "9"]
[EventCountry "UKR"]
[SourceTitle "CBM 135 Extra"]
[Source "ChessBase"]
[SourceDate "2010.05.04"]
[SourceVersion "1"]
[SourceVersionDate "2010.05.04"]
[SourceQuality "1"]

1. c4 e5 2. Nc3 Nf6 3. Nf3 Nc6 4. g3 d5 5. cxd5 Nxd5 6. Bg2 Nb6 7. 0-0 Be7 8. a3 0-0 9. b4 Re8 10. d3 Bf8 11. Bb2 Bg4 12. Nd2 Qd7 13. b5 Nd8 14. Re1 c6 15. a4 Nd5 16. bxc6 bxc6 17. Nc4 f6 18. a5 Rb8 19. Qc2 Nb4 20. Qd2 Bh3 21. Bf3 Ne6 22. Rab1 Nd4 23. Bh1 Be6 24. Qd1 Ndc2 25. Rf1 Bh3 26. Bg2 Bxg2 27. Kxg2 Nd4 28. Ba1 Nd5 29. Rxb8 Rxb8 30. Ne4 Qb7 31. e3 Ne6 32. Qg4 Qf7 33. Qe2 Qd7 34. f4 exf4 35. gxf4 Rb3 36. f5 Nc5 37. Nxc5 Bxc5 38. d4 Bb4 39. e4 Qe7 40. Rf3 Rb1 41. Qd3 Rxa1 42. exd5 cxd5 43. Re3 Ra2+ 0-1

[Event "Kiev Independence Cup-A 9th"]
[Site "Kiev"]
[Date "2009.08.21"]
[Round "9"]
[White "Kislinsky, Alexey"]
[Black "Taborov, Boris"]
[Result "1-0"]
[WhiteElo "2425"]
[BlackElo "2434"]
[PlyCount "53"]
[EventDate "2009.08.13"]
[EventType "swiss"]
[EventRounds "11"]
[EventCountry "UKR"]
[SourceTitle "CBM 131 Extra"]
[Source "ChessBase"]
[SourceDate "2009.09.03"]
[SourceVersion "2"]
[SourceVersionDate "2009.09.16"]
[SourceQuality "1"]

1. e4 e5 2. Nf3 Nc6 3. d4 exd4 4. Nxd4 Bc5 5. Be3 Qf6 6. c3 Nge7 7. Bc4 0-0 8. 0-0 Qg6 9. f3 d6 10. Kh1 Bb6 11. Nd2 Kh8 12. g4 d5 13. exd5 Nxd4 14. cxd4 f5 15. a4 fxg4 16. a5 g3 17. Rg1 Nf5 18. Nf1 Nxe3 19. Nxe3 Bxd4 20. Qxd4 Rxf3 21. Raf1 Qh6 22. Rxg3 Rxf1+ 23. Bxf1 Bd7 24. Rf3 Kg8 25. Ng4 Qc1 26. Ne3 Re8 27. Qf4 1-0

[Event "Kiev Independence Cup-A 6th"]
[Site "Kiev"]
[Date "2006.08.15"]
[Round "3"]
[White "Taborov, Boris"]
[Black "Moliboga, Vladimir"]
[Result "1-0"]
[WhiteElo "2446"]
[BlackElo "2284"]
[PlyCount "81"]
[EventDate "2006.08.13"]
[EventType "swiss"]
[EventRounds "11"]
[EventCountry "UKR"]
[SourceTitle "CBM 113 Extra"]
[Source "ChessBase"]
[SourceDate "2006.09.14"]
[SourceVersion "1"]
[SourceVersionDate "2006.09.14"]
[SourceQuality "1"]

1. d4 Nf6 2. c4 g6 3. Nc3 Bg7 4. e4 d6 5. f3 0-0 6. Nge2 a6 7. Be3 Nc6 8. Qd2 Rb8 9. h4 h5 10. Nc1 e5 11. d5 Nd4 12. Nb3 c5 13. dxc6 bxc6 14. Nxd4 exd4 15. Bxd4 Qa5 16. Rc1 Qb4 17. b3 a5 18. Be2 a4 19. 0-0 axb3 20. axb3 Be6 21. Qf4 Nd7 22. Bxg7 Kxg7 23. Bd1 Qc5+ 24. Kh1 Qd4 25. Ne2 Qe5 26. Bc2 Nc5 27. Rfd1 Rfd8 28. Qe3 Qf6 29. Qf2 Nxb3 30. Bxb3 Rxb3 31. Nd4 Rb7 32. Nxc6 Rc8 33. Rxd6 Rb2 34. Qg3 Kh7 35. Nd4 Re8 36. c5 Qe7 37. Nxe6 fxe6 38. c6 Rc8 39. Rcd1 Qf6 40. Rd7+ Kh6 41. f4 1-0

[Event "Kiev Independence Cup-A 4th"]
[Site "Kiev"]
[Date "2004.08.21"]
[Round "11"]
[White "Demkovich, Anatoliy"]
[Black "Taborov, Boris"]
[Result "1/2-1/2"]
[WhiteElo "2377"]
[BlackElo "2431"]
[PlyCount "145"]
[EventDate "2004.08.11"]
[EventType "swiss"]
[EventRounds "11"]
[EventCountry "UKR"]
[SourceTitle "EXT 2005"]
[Source "ChessBase"]
[SourceDate "2004.11.15"]
[SourceVersion "1"]
[SourceVersionDate "2004.11.15"]
[SourceQuality "1"]

1. e4 c5 2. Nf3 d6 3. c3 Nf6 4. Be2 g6 5. 0-0 Bg7 6. Re1 0-0 7. Bf1 Bg4 8. h3 Bxf3 9. Qxf3 Nc6 10. d3 Nd7 11. Nd2 b5 12. Qd1 b4 13. Qc2 bxc3 14. bxc3 Nb4 15. Qb2 Rb8 16. Nb3 Nb6 17. Bd2 Na4 18. Qc1 Nc6 19. Rb1 Qc8 20. Qc2 Nb6 21. Be3 Na4 22. Bd2 Nb6 23. Rbd1 Qd7 24. f4 Rfc8 25. Be2 Nd8 26. c4 Nc6 27. Bg4 e6 28. f5 Qe7 29. Qc1 Nd7 30. Rf1 Bf6 31. Kh1 Nde5 32. Be2 Nb4 33. fxe6 fxe6 34. d4 cxd4 35. Nxd4 Nbd3 36. Qa3 Nb2 37. Rxf6 Qxf6 38. Rf1 Qe7 39. Qg3 Nbxc4 40. Bxc4 Rxc4 41. Bg5 Qd7 42. Be3 Rf8 43. Rxf8+ Kxf8 44. Qf2+ Qf7 45. Bh6+ Kg8 46. Qb2 Rc8 47. Qb3 Re8 48. Kh2 Qd7 49. Qc3 Nf7 50. Bd2 e5 51. Nf3 Rc8 52. Qb3 Kg7 53. Qd5 Rc5 54. Qa8 Rc8 55. Qd5 Re8 56. a3 Qe6 57. Qb7 Re7 58. Qa8 Qd7 59. Qd5 Qb7 60. Qd3 Qc6 61. h4 h6 62. h5 g5 63. Ng1 Rd7 64. Ne2 d5 65. exd5 Rxd5 66. Qe4 Qe6 67. Bb4 a5 68. Be1 Nd6 69. Qc2 Nf5 70. Qe4 Nd6 71. Qc2 Nf5 72. Qe4 Nd6 73. Qc2 1/2-1/2

[Event "Kiev Independence Cup-A 4th"]
[Site "Kiev"]
[Date "2004.08.14"]
[Round "4"]
[White "Semenova, Lidia K"]
[Black "Taborov, Boris"]
[Result "0-1"]
[WhiteElo "2271"]
[BlackElo "2431"]
[PlyCount "96"]
[EventDate "2004.08.11"]
[EventType "swiss"]
[EventRounds "11"]
[EventCountry "UKR"]
[SourceTitle "EXT 2005"]
[Source "ChessBase"]
[SourceDate "2004.11.15"]
[SourceVersion "1"]
[SourceVersionDate "2004.11.15"]
[SourceQuality "1"]

1. e4 e5 2. Nf3 Nc6 3. Bb5 a6 4. Bxc6 dxc6 5. d4 exd4 6. Qxd4 Qxd4 7. Nxd4 Bd7 8. Nc3 Bb4 9. Bf4 0-0-0 10. 0-0-0 Ne7 11. f3 Ng6 12. Bg3 Rhe8 13. a3 Bf8 14. f4 Bg4 15. Nf3 Rxd1+ 16. Rxd1 f5 17. exf5 Bxf5 18. Ne5 Nxe5 19. fxe5 g6 20. Bf4 Bg7 21. Re1 h6 22. h4 Kd7 23. Nd1 Ke6 24. Nf2 Rf8 25. Be3 h5 26. Re2 Rd8 27. c4 b5 28. Bc5 Bxe5 29. cxb5 cxb5 30. Ne4 Bxe4 31. Rxe4 Kd5 32. Re2 Bxb2+ 33. Kxb2 Kxc5 34. Kc3 Rd6 35. Re5+ Kb6 36. Rg5 c5 37. g4 hxg4 38. Rxg4 Ka5 39. Kc2 c4 40. Kb2 Ka4 41. Rg1 a5 42. Rg4 Rd2+ 43. Kc3 Rd3+ 44. Kc2 Rh3 45. Rxg6 Rxh4 46. Rg3 Rd4 47. Rg5 Rd3 48. Rh5 Rxa3 0-1

[Event "Sakharov Memorial 3rd"]
[Site "Kiev"]
[Date "2004.07.27"]
[Round "10"]
[White "Taborov, Boris"]
[Black "Solomaha, Andrey"]
[Result "0-1"]
[WhiteElo "2246"]
[BlackElo "2323"]
[PlyCount "136"]
[EventDate "2004.07.18"]
[EventType "tourn"]
[EventRounds "11"]
[EventCountry "UKR"]
[SourceTitle "EXT 2008"]
[Source "ChessBase"]
[SourceDate "2007.11.25"]
[SourceVersion "1"]
[SourceVersionDate "2007.11.25"]
[SourceQuality "1"]

1. d4 Nf6 2. c4 g6 3. Nc3 Bg7 4. e4 d6 5. f3 0-0 6. Be3 e5 7. d5 c5 8. Bd3 Nh5 9. Qd2 f5 10. exf5 gxf5 11. Nge2 Na6 12. 0-0-0 Nf6 13. Bg5 Nc7 14. Ng3 b5 15. Bxf5 bxc4 16. Bb1 Qe8 17. Bh6 Bxh6 18. Qxh6 Qf7 19. Nge4 Nce8 20. Rhe1 Kh8 21. Nxf6 Nxf6 22. Ne4 Nxe4 23. Rxe4 Bf5 24. Rxc4 Bxb1 25. Kxb1 Qf5+ 26. Kc1 Rf6 27. Qe3 Rg8 28. Rd2 Rfg6 29. g3 Qh3 30. Qc3 Qf1+ 31. Kc2 Re8 32. f4 Rg4 33. b3 Kg8 34. Re4 Rf8 35. Kb2 exf4 36. Rxf4 Rfxf4 37. gxf4 Qxf4 38. Re2 Qd4 39. Qxd4 Rxd4 40. Kc3 Kf7 41. Rf2+ Kg6 42. Rg2+ Kf6 43. Rf2+ Ke5 44. Rf7 Rh4 45. Rxa7 Kxd5 46. a4 Rxh2 47. Rc7 h5 48. a5 h4 49. a6 Ra2 50. a7 h3 51. Rh7 Kc6 52. Rxh3 Rxa7 53. Rh4 d5 54. Rh8 Rd7 55. Rc8+ Kd6 56. Rh8 Rb7 57. Rh6+ Kc7 58. Rh7+ Kc6 59. Rh6+ Kb5 60. Rh8 d4+ 61. Kc2 Rg7 62. Rc8 Rg2+ 63. Kd3 Kb4 64. Rb8+ Ka3 65. Rb5 Rg3+ 66. Kd2 Rc3 67. Ke2 Kb2 68. Kd1 Rc2 0-1

[Event "Sakharov Memorial 3rd"]
[Site "Kiev"]
[Date "2004.07.26"]
[Round "9"]
[White "Kosikov, Alexey I"]
[Black "Taborov, Boris"]
[Result "1-0"]
[WhiteElo "2427"]
[BlackElo "2246"]
[PlyCount "89"]
[EventDate "2004.07.18"]
[EventType "tourn"]
[EventRounds "11"]
[EventCountry "UKR"]
[SourceTitle "EXT 2008"]
[Source "ChessBase"]
[SourceDate "2007.11.25"]
[SourceVersion "1"]
[SourceVersionDate "2007.11.25"]
[SourceQuality "1"]

1. e4 Nf6 2. Nc3 d6 3. d4 g6 4. Bg5 Bg7 5. Qd2 c6 6. Bd3 e5 7. Nge2 Nbd7 8. 0-0 h6 9. Bh4 0-0 10. Bg3 Nh5 11. dxe5 dxe5 12. Bc4 Nxg3 13. Nxg3 Qf6 14. a4 a5 15. Rfd1 h5 16. Nf1 Nc5 17. Qe3 Qe7 18. Ne2 Re8 19. Nc1 Bf8 20. Nd3 Nxd3 21. Rxd3 Qc5 22. Bb3 Bg4 23. h3 Be6 24. Qxc5 Bxc5 25. Bxe6 Rxe6 26. Rad1 Kf8 27. Ne3 Bxe3 28. Rxe3 Ke8 29. Red3 Re7 30. Kf1 Rc7 31. Ke2 Rcc8 32. Rd7 Rab8 33. b3 Rd8 34. Rc7 Rxd1 35. Kxd1 Rd8+ 36. Ke2 Rd7 37. Rc8+ Rd8 38. Rxd8+ Kxd8 39. Kd3 Kc7 40. Kc4 Kd6 41. g3 g5 42. g4 h4 43. b4 axb4 44. Kxb4 b6 45. c4 1-0

[Event "Sakharov Memorial 3rd"]
[Site "Kiev"]
[Date "2004.07.25"]
[Round "8"]
[White "Taborov, Boris"]
[Black "Dziadyk, Pavel"]
[Result "1/2-1/2"]
[WhiteElo "2246"]
[BlackElo "2243"]
[PlyCount "81"]
[EventDate "2004.07.18"]
[EventType "tourn"]
[EventRounds "11"]
[EventCountry "UKR"]
[SourceTitle "EXT 2008"]
[Source "ChessBase"]
[SourceDate "2007.11.25"]
[SourceVersion "1"]
[SourceVersionDate "2007.11.25"]
[SourceQuality "1"]

1. c4 e6 2. Nf3 d5 3. b3 d4 4. g3 Nc6 5. Bg2 e5 6. d3 Nf6 7. 0-0 Be7 8. Na3 0-0 9. Nc2 h6 10. Bb2 Bf5 11. a3 a5 12. Qd2 Qd6 13. Rab1 Rfe8 14. Ba1 Nd7 15. b4 axb4 16. axb4 Ra2 17. Qd1 Qg6 18. Rb2 Rxb2 19. Bxb2 Nxb4 20. Nxb4 Bxb4 21. Nh4 Qe6 22. Qa4 c5 23. Bd5 Qf6 24. Nxf5 Qxf5 25. Bxb7 Nf6 26. Ra1 Qe6 27. Ba3 Bxa3 28. Qxa3 Qb6 29. Qa7 Qxa7 30. Rxa7 Re7 31. Ra8+ Kh7 32. Bf3 e4 33. dxe4 Nxe4 34. Bxe4+ Rxe4 35. Kf1 g5 36. Rc8 Re5 37. Rc6 g4 38. Rd6 Kg7 39. Rc6 Kh7 40. Rd6 Kg7 41. Rc6 1/2-1/2

[Event "Kiev-ch"]
[Site "Kiev"]
[Date "2004.01.30"]
[Round "11"]
[White "Moliboga, Vladimir"]
[Black "Taborov, Boris"]
[Result "0-1"]
[WhiteElo "2310"]
[BlackElo "2425"]
[PlyCount "92"]
[EventDate "2004.01.16"]
[EventType "swiss"]
[EventRounds "11"]
[EventCountry "UKR"]
[SourceTitle "CBM 098 Extra"]
[Source "ChessBase"]
[SourceDate "2004.03.10"]
[SourceVersion "2"]
[SourceVersionDate "2004.03.10"]
[SourceQuality "1"]

1. e4 Nf6 2. e5 Nd5 3. d4 d6 4. Nf3 g6 5. Bc4 c6 6. Ng5 Bg7 7. e6 Bxe6 8. Nxe6 fxe6 9. 0-0 Na6 10. Bxa6 bxa6 11. c4 Nc7 12. Nc3 0-0 13. Be3 Qd7 14. Qg4 Rad8 15. Rac1 Rf5 16. Rfd1 Rdf8 17. Ne4 Qe8 18. Ng3 Ra5 19. a3 c5 20. dxc5 Bxb2 21. Rb1 Be5 22. Rb7 Qc6 23. Rxa7 Rxa3 24. Qe4 Qxe4 25. Nxe4 d5 26. Nd2 Rd3 27. Rc1 Rc8 28. Kf1 Bf6 29. Ke2 Ra3 30. Rb1 Ra2 31. Bh6 Kf7 32. Kd1 g5 33. f4 gxf4 34. Bxf4 e5 35. Bg3 Ne6 36. cxd5 Nxc5 37. Nc4 Ne4 38. Rb4 Nc3+ 39. Ke1 Nxd5 40. Nd6+ Ke6 41. Nxc8 Nxb4 42. Kf1 e4 43. Bf2 Nd5 44. Bc5 e3 45. Nb6 e2+ 46. Kf2 Bc3 0-1

[Event "Kiev-ch"]
[Site "Kiev"]
[Date "2004.01.26"]
[Round "9"]
[White "Malakhatko, Vadim"]
[Black "Taborov, Boris"]
[Result "0-1"]
[WhiteElo "2543"]
[BlackElo "2425"]
[PlyCount "66"]
[EventDate "2004.01.16"]
[EventType "swiss"]
[EventRounds "11"]
[EventCountry "UKR"]
[SourceTitle "CBM 098 Extra"]
[Source "ChessBase"]
[SourceDate "2004.03.10"]
[SourceVersion "2"]
[SourceVersionDate "2004.03.10"]
[SourceQuality "1"]

1. d4 Nf6 2. c4 e6 3. Nf3 b6 4. Nc3 Bb4 5. Bg5 Bb7 6. Nd2 h6 7. Bh4 0-0 8. e3 d5 9. Qc2 Nbd7 10. Bd3 c5 11. a3 cxd4 12. axb4 dxc3 13. bxc3 dxc4 14. Nxc4 Bxg2 15. Rg1 Bd5 16. Nd2 Qc7 17. Bg3 e5 18. c4 Bb7 19. Bf5 a5 20. b5 Rfe8 21. Qb2 Nc5 22. Bh4 Nfe4 23. Ra3 Nxd2 24. Qxd2 g5 25. Qc2 Rad8 26. Bg3 Bf3 27. Ra1 Qd6 28. Bh4 Nb3 29. Bxg5 Qb4+ 30. Kf1 hxg5 31. Rxg5+ Kf8 32. Be6 Nxa1 33. Rg8+ Ke7 0-1

[Event "Kiev-ch"]
[Site "Kiev"]
[Date "2004.01.25"]
[Round "8"]
[White "Taborov, Boris"]
[Black "Kernazhitsky, Leonid"]
[Result "1-0"]
[WhiteElo "2425"]
[BlackElo "2371"]
[PlyCount "125"]
[EventDate "2004.01.16"]
[EventType "swiss"]
[EventRounds "11"]
[EventCountry "UKR"]
[SourceTitle "CBM 098 Extra"]
[Source "ChessBase"]
[SourceDate "2004.03.10"]
[SourceVersion "2"]
[SourceVersionDate "2004.03.10"]
[SourceQuality "1"]

1. d4 d5 2. c4 c6 3. Nc3 Nf6 4. Nf3 a6 5. c5 Nbd7 6. Bf4 Nh5 7. e3 g6 8. Bd3 Bg7 9. 0-0 0-0 10. h3 Nxf4 11. exf4 b6 12. cxb6 Qxb6 13. Qa4 e6 14. Qc2 Bxd4 15. Na4 Qa7 16. Qxc6 Bg7 17. Rac1 Rd8 18. b4 Bb7 19. Qc7 Rac8 20. Qa5 Qb8 21. g3 e5 22. fxe5 d4 23. e6 fxe6 24. Ng5 Qd6 25. Be4 Bd5 26. Rfe1 Ne5 27. Rxc8 Rxc8 28. Nb6 Rd8 29. Nxd5 exd5 30. Bg2 d3 31. Ne6 Rd7 32. Nf4 d4 33. Rd1 d2 34. Rxd2 g5 35. Qd5+ Qxd5 36. Nxd5 Nc4 37. Rc2 Na3 38. Rc6 d3 39. Kf1 Nc2 40. Rxa6 d2 41. Ke2 Nxb4 42. Ra5 Kf7 43. a3 Na2 44. Rc5 Nc1+ 45. Kd1 Nd3 46. Rb5 Nb2+ 47. Kxd2 Nc4+ 48. Kd3 Nxa3 49. Ra5 Bf8 50. Ke2 Rb7 51. Be4 Kg7 52. Ne3 Rb2+ 53. Kf3 Nb5 54. Bd3 Nd4+ 55. Kg2 h6 56. Rd5 Ne6 57. Rd7+ Kh8 58. Nc4 Ra2 59. Bb1 Ra1 60. Bf5 Ra6 61. Ne5 Kg8 62. Bh7+ Kh8 63. Ng6# 1-0

[Event "Kiev-ch"]
[Site "Kiev"]
[Date "2004.01.24"]
[Round "7"]
[White "Solomaha, Andrey"]
[Black "Taborov, Boris"]
[Result "1-0"]
[WhiteElo "2361"]
[BlackElo "2425"]
[PlyCount "55"]
[EventDate "2004.01.16"]
[EventType "swiss"]
[EventRounds "11"]
[EventCountry "UKR"]
[SourceTitle "CBM 098 Extra"]
[Source "ChessBase"]
[SourceDate "2004.03.10"]
[SourceVersion "2"]
[SourceVersionDate "2004.03.10"]
[SourceQuality "1"]

1. e4 g6 2. d4 d6 3. Nc3 Bg7 4. g3 Nc6 5. Be3 e5 6. dxe5 Nxe5 7. f4 Ng4 8. Bd4 N8f6 9. h3 c5 10. Bxc5 dxc5 11. Qxd8+ Kxd8 12. 0-0-0+ Kc7 13. hxg4 Bxg4 14. Be2 Bxe2 15. Ngxe2 Rad8 16. e5 Rxd1+ 17. Rxd1 Ng4 18. Nb5+ Kb6 19. a4 a6 20. Rd6+ Ka5 21. Na3 b5 22. axb5 axb5 23. Nc3 f6 24. Ncxb5 fxe5 25. Nc7 c4 26. c3 Ka4 27. Ra6+ Kb3 28. Nb1 1-0

[Event "Sakharov Memorial 2nd"]
[Site "Kiev"]
[Date "2003.07.13"]
[Round "7"]
[White "Evchin, Maxim"]
[Black "Taborov, Boris"]
[Result "1/2-1/2"]
[WhiteElo "2256"]
[BlackElo "2246"]
[PlyCount "93"]
[EventDate "2003.07.07"]
[EventType "tourn"]
[EventRounds "11"]
[EventCountry "UKR"]
[EventCategory "2"]
[SourceTitle "EXT 2008"]
[Source "ChessBase"]
[SourceDate "2007.11.25"]
[SourceVersion "1"]
[SourceVersionDate "2007.11.25"]
[SourceQuality "1"]

1. e4 c5 2. Nf3 d6 3. d4 cxd4 4. Nxd4 Nf6 5. Nc3 g6 6. Be3 Bg7 7. f3 Nc6 8. Qd2 0-0 9. 0-0-0 Nxd4 10. Bxd4 Be6 11. Kb1 Qc7 12. g4 Rfc8 13. h4 Qa5 14. a3 Rab8 15. h5 b5 16. hxg6 hxg6 17. g5 b4 18. Nb5 Nh5 19. Bxg7 Kxg7 20. Qd4+ Kg8 21. axb4 Qa4 22. Rh2 Rxb5 23. Bxb5 Qxb5 24. Qxa7 Qxb4 25. Qd4 Qa5 26. b3 Qxg5 27. Rg1 Qc5 28. Qxc5 Rxc5 29. b4 Rb5 30. c3 Kg7 31. Kc2 Kf6 32. Kd2 Nf4 33. Ra1 Rb8 34. Ke3 g5 35. Rb2 Ng6 36. b5 Ne5 37. Rb4 Rc8 38. b6 Rxc3+ 39. Kd2 Rc4 40. Raa4 Nxf3+ 41. Ke3 Rc3+ 42. Kf2 Ne5 43. b7 Rc2+ 44. Kg3 Rc3+ 45. Kf2 Rc2+ 46. Kg3 Rc3+ 47. Kf2 1/2-1/2

[Event "Sakharov Memorial 2nd"]
[Site "Kiev"]
[Date "2003.07.12"]
[Round "6"]
[White "Taborov, Boris"]
[Black "Nikolaev, Leonid"]
[Result "1-0"]
[WhiteElo "2246"]
[BlackElo "2314"]
[PlyCount "55"]
[EventDate "2003.07.07"]
[EventType "tourn"]
[EventRounds "11"]
[EventCountry "UKR"]
[EventCategory "2"]
[SourceTitle "EXT 2008"]
[Source "ChessBase"]
[SourceDate "2007.11.25"]
[SourceVersion "1"]
[SourceVersionDate "2007.11.25"]
[SourceQuality "1"]

1. d4 d6 2. e4 g6 3. Nc3 Bg7 4. Be3 Nc6 5. Nf3 Bg4 6. Bb5 a6 7. Bxc6+ bxc6 8. h3 Bxf3 9. Qxf3 Rb8 10. 0-0-0 Qd7 11. e5 f5 12. g4 Nh6 13. g5 Nf7 14. Qe2 0-0 15. f4 Qe6 16. Qxa6 dxe5 17. dxe5 Ra8 18. Qd3 Rfd8 19. Qe2 Rdb8 20. b3 Nd6 21. Bd4 Nb5 22. a4 Nxd4 23. Rxd4 Qc8 24. Rhd1 Qb7 25. Qc4+ Kh8 26. Rd7 Re8 27. Ne2 Rab8 28. Nd4 1-0

[Event "Sakharov Memorial 2nd"]
[Site "Kiev"]
[Date "2003.07.08"]
[Round "2"]
[White "Kernazhitsky, Leonid"]
[Black "Taborov, Boris"]
[Result "1/2-1/2"]
[WhiteElo "2344"]
[BlackElo "2246"]
[PlyCount "20"]
[EventDate "2003.07.07"]
[EventType "tourn"]
[EventRounds "11"]
[EventCountry "UKR"]
[EventCategory "2"]
[SourceTitle "EXT 2008"]
[Source "ChessBase"]
[SourceDate "2007.11.25"]
[SourceVersion "1"]
[SourceVersionDate "2007.11.25"]
[SourceQuality "1"]

1. e4 e5 2. Nf3 Nf6 3. Nxe5 d6 4. Nf3 Nxe4 5. Qe2 Qe7 6. d3 Nf6 7. Qxe7+ Bxe7 8. Be2 0-0 9. 0-0 Re8 10. Re1 c6 1/2-1/2

[Event "Kiev-ch"]
[Site "Kiev"]
[Date "2003.02.01"]
[Round "10"]
[White "Kosikov, Alexey I"]
[Black "Taborov, Boris"]
[Result "1/2-1/2"]
[WhiteElo "2412"]
[BlackElo "2450"]
[PlyCount "111"]
[EventDate "2003.01.17"]
[EventType "swiss"]
[EventRounds "11"]
[EventCountry "UKR"]
[SourceTitle "CBM 092 Extra"]
[Source "ChessBase"]
[SourceDate "2003.03.07"]
[SourceVersion "1"]
[SourceVersionDate "2003.03.07"]
[SourceQuality "1"]

1. e4 g6 2. d4 Bg7 3. Nc3 c5 4. d5 d6 5. Bb5+ Nd7 6. a4 Ngf6 7. Nf3 0-0 8. 0-0 a6 9. Be2 b6 10. h3 Bb7 11. Bf4 Qc7 12. Re1 Rad8 13. Bh2 Rfe8 14. Bc4 Ne5 15. Nxe5 dxe5 16. Qe2 Ra8 17. Rad1 Red8 18. Kh1 Bh6 19. Qf3 Bg7 20. Qe3 Ne8 21. Bf1 Nd6 22. f4 exf4 23. Qxf4 Rf8 24. Be2 Rad8 25. Bg4 h5 26. Bf3 Qc8 27. e5 Nf5 28. Be4 Nd4 29. Qg5 e6 30. dxe6 Nxe6 31. Qe7 Bxe4 32. Nxe4 Nd4 33. c3 Nf5 34. Nf6+ Kh8 35. Qa7 Qe6 36. Nd7 Qe7 37. Qc7 h4 38. e6 Rfe8 39. Qc6 fxe6 40. Nxb6 Rxd1 41. Rxd1 Rf8 42. Nc4 Ng3+ 43. Bxg3 hxg3 44. Ne3 Qf6 45. Qxc5 Qf2 46. b4 Rf3 47. Ng4 Qxc5 48. bxc5 Rxc3 49. Kg1 Rxc5 50. Kf1 Rc4 51. Rd6 Rxa4 52. Rxe6 Kh7 53. Re3 a5 54. Rxg3 Re4 55. Rf3 a4 56. Nf6+ 1/2-1/2